000 00207 a2200097 4500
001 42708
100 _aBrilhoc
245 _aThe road to liberty
260 _aLondon
_bPeter Davies
_c
090 _c26600
_d26600
942 _aNUST-CAE
_cM
_c18448
999 _c277781
_d277781